L'epifania del colore (Record no. 10961)

MARC details
000 -CABECERA
campo de control de longitud fija 00894nam a22002417a 4500
001 - NÚMERO DE CONTROL
campo de control BRCA_9339
003 - IDENTIFICADOR DEL NÚMERO DE CONTROL
campo de control FranzMayer
005 - FECHA Y HORA DE LA ÚLTIMA TRANSACCIÓN
campo de control 20230918121028.0
008 - DATOS DE LONGITUD FIJA--INFORMACIÓN GENERAL
campo de control de longitud fija 230825b |||||||| |||| 00| 0 eng d
040 ## - FUENTE DE LA CATALOGACIÓN
Centro catalogador/agencia de origen MFM
Lengua de catalogación español
Centro/agencia transcriptor MFM
050 #0 - SIGNATURA TOPOGRÁFICA DE LA BIBLIOTECA DEL CONGRESO
Número de clasificación N7432.7
Número de documento/Ítem .S67 2006
100 1# - ENTRADA PRINCIPAL--NOMBRE DE PERSONA
Código de función/relación Autor
Nombre de persona Sosabravo, Alfredo
9 (RLIN) 29206
240 ## - TÍTULO UNIFORME
Título uniforme L'epifania del colore
Medio la epifanía del color
Lenguaje de la obra español/italiano
245 0# - MENCIÓN DE TÍTULO
Título L'epifania del colore
Resto del título la epifanía del color
260 ## - PUBLICACIÓN, DISTRIBUCIÓN, ETC.
Lugar de publicación, distribución, etc. Madrid, España
Nombre del editor, distribuidor, etc. Instituo italo-latino americano
Fecha de publicación, distribución, etc. 2006
300 ## - DESCRIPCIÓN FÍSICA
Extensión 55 p
Otras características físicas Ilustraciones a color
Dimensiones 29 cm
500 ## - NOTA GENERAL
Nota general Anexo 1
500 ## - NOTA GENERAL
Nota general El libro contiene una dedicatoria del auto para el museo
505 ## - NOTA DE CONTENIDO CON FORMATO
Nota de contenido con formato Texto en: español e italianoIncluye índice temáticoDirigido a: artistas, críticos del arte.
650 1# - PUNTO DE ACCESO ADICIONAL DE MATERIA--TÉRMINO DE MATERIA
Fuente del encabezamiento o término Artes visuales
Término de materia o nombre geográfico como elemento de entrada Técnicas
Subdivisión de forma Color
9 (RLIN) 29207
651 2# - PUNTO DE ACCESO ADICIONAL DE MATERIA--NOMBRE GEOGRÁFICO
Fuente del encabezamiento o término Color en el arte
942 ## - ELEMENTOS DE PUNTO DE ACCESO ADICIONAL (KOHA)
Fuente del sistema de clasificación o colocación Library of Congress Classification
Tipo de ítem Koha Libros
Holdings
Estado de retiro Estado de pérdida Fuente del sistema de clasificación o colocación Estado dañado No para préstamo Código de colección Localización permanente Ubicación/localización actual Fecha de adquisición Total de préstamos Signatura topográfica completa Código de barras Fecha visto por última vez Precio válido a partir de Tipo de ítem Koha
El ejemplar forma parte de la colección y puede ser consultado según las políticas vigentes.   Library of Congress Classification     Fondo Contemporáneo Biblioteca del Museo Franz Mayer (Rogerio Casas-Alatriste) Biblioteca del Museo Franz Mayer (Rogerio Casas-Alatriste) 25/08/2023   N7432.7 .S67 2006 CONT10095 25/08/2023 25/08/2023 Libros